000 00845nmm a2200265 a 4500
001 ocm0001411549
003 TR-IsHL
005 20201028163848.0
008 160220s2015 tu tur
007 cr cn
020 _a9786051626826
035 _a1411549
_b(N$T)
050 0 4 _aPL248.S56
_bK4 2015
090 0 4 _aPL248.S56
_bK4 2015
100 1 _aSinan, Meryem Aybike
245 1 0 _aKelimelerin sultanı Mihri Hatun
_h[electronic resource] /
_cMeryem Aybike Sinan
260 _aİstanbul :
_bNesil Yayın,
_c2015
300 _a190 p.
650 4 _aDil ve Edebiyat
650 4 _aLanguage and Literature
650 0 _aTürk romanı
650 0 _aTurkish fiction
650 7 _aLITERARY COLLECTIONS / Middle Eastern
_2bisacsh
856 4 0 _uhttp://search.ebscohost.com/login.aspx?direct=true&scope=site&db=e011xww&AN=1411549
999 _c15460
_d15460